Strategic plan for the development of the Faculty of Medicine 1995-2010 (19/10/1995)

Shranjeno v:
Bibliografske podrobnosti
Glavni avtor: Strategic plan for the development of the Faculty of Medicine 1995-2010 (19/10/1995)
Format: Knjiga
Jezik:Undetermined
Izdano: Cần Thơ Trường Đại học Cần Thơ 1995
Teme:
Oznake: Označite
Brez oznak, prvi označite!
Thư viện lưu trữ: Trung tâm Học liệu Trường Đại học Cần Thơ
LEADER 00578nam a2200157Ia 4500
001 CTU_13548
008 210402s9999 xx 000 0 und d
082 |a 378.1 
082 |b S898 
100 |a Strategic plan for the development of the Faculty of Medicine 1995-2010 (19/10/1995) 
245 0 |a Strategic plan for the development of the Faculty of Medicine 1995-2010 (19/10/1995) 
260 |a Cần Thơ 
260 |b Trường Đại học Cần Thơ 
260 |c 1995 
650 |a universities and colleges 
980 |a Trung tâm Học liệu Trường Đại học Cần Thơ